| 000 | 00849nam a2200253Ia 4500 | ||
|---|---|---|---|
| 003 | OSt | ||
| 005 | 20220918171052.0 | ||
| 006 | a|||||r|||| 00| 0 | ||
| 007 | ta | ||
| 008 | 220917b |||||||| |||| 00| 0 eng d | ||
| 020 |
_a9781138609570 (hbk) _cUKP 115.00 |
||
| 024 | _a349,443 | ||
| 037 |
_b86, 25/01/2019, Classic Book Service _cTextual |
||
| 040 |
_aARTS _cARTS _beng |
||
| 041 |
_2eng _aeng |
||
| 082 | _aQ2:31(Y15), Q9 | ||
| 100 |
_aBalkaran Raj Au. _933816 |
||
| 245 | 0 |
_aGoddess and the king in Indian myth _b ring composition royal power and the dharmic double helix |
|
| 260 |
_aLondon _bRoutledge UK _c2019 |
||
| 300 |
_axi,166p. _ccm. |
||
| 650 |
_aGODS AND GODDESSES; HINDUISM _928456 |
||
| 942 |
_hQ2:31(Y15), Q9 _cTEXL _2CC |
||
| 999 |
_c137695 _d137695 |
||